000 00716pam a2200253 a 4500
001 598361
005 20180308082209.0
008 910618s1992 moua 001 0 eng c
010 _a 91025388
020 _a0801664047 (pbk.)
020 _a0801664039 (hdb.)
040 _aDNLM/DLC
_cDLC
_dDLC
041 _aeng
060 _aQS 4 T427s
080 _a612 GAR
082 0 0 _a612 GAR
_220
100 1 _a6
101 _aANA
245 1 0 _aStructure & function of the body /
_cGary A. Thibodeau with contributions from Kevin T. Patton.
740 0 _aStructure and function of the body.
906 _a7
_bcbc
_corignew
_d1
_eocip
_f19
_gy-gencatlg
942 _2ddc
_cBK
999 _c44500
_d44500